000 00340nam a2200121Ia 4500
008 220204s9999 xx 000 0 und d
082 _a543.544.6
_bKHY
100 _aKhym, Joseph
245 0 _aAnalytical ion exchange procedures in chemistry and biology
260 _aNew Jersey
_bPrentice Hall
_c1974
650 _aIon exchange
942 _cBK
999 _c25544
_d25544